Asian Denonyms - Statistics

General Stats
  • This quiz has been taken 24 times
  • The average score is 44 of 48
Answer Stats
Country Denonym % Correct
Afghanistan Afghan
100%
Cambodia Cambodian
100%
China Chinese
100%
Georgia Georgian
100%
India Indian
100%
Indonesia Indonesian
100%
Iran Iranian
100%
Iraq Iraqi
100%
Israel Israeli
100%
Japan Japanese
100%
Lebanon Lebanese
100%
Malaysia Malaysian
100%
Mongolia Mongolian
100%
Nepal Nepali
100%
Saudi Arabia Saudi Arabian
100%
South Korea South Korean
100%
Taiwan Taiwanese
100%
Turkey Turkish
100%
Armenia Armenian
95%
Azerbaijan Azerbaijani
95%
Bahrain Bahraini
95%
Bangladesh Bangladeshi
95%
Philippines Filipino
95%
Jordan Jordanian
95%
Kuwait Kuwaiti
95%
Laos Laotian
95%
North Korea North Korean
95%
Pakistan Pakistani
95%
Qatar Qatari
95%
Sri Lanka Sri Lankan
95%
Uzbekistan Uzbekistani
95%
Bhutan Bhutanese
90%
Myanmar Burmese
90%
Kazakhstan Kazakhstani
90%
Oman Omani
90%
Syria Syrian
90%
Thailand Thai
90%
Vietnam Vietnamese
90%
Kyrgyzstan Kyrgystani
86%
Maldives Maldivian
86%
Singapore Singaporean
86%
Tajikistan Tajikistani
86%
Turkmenistan Turkmen
86%
Yemen Yemeni
86%
Cyprus Cypriot
76%
United Arab Emirates Emirati
71%
East Timor Timorese
62%
Brunei Bruneians
14%
No matching quizzes found
Score Distribution
Percent of People with Each Score
Percentile by Number Answered
Your Score History
You have not taken this quiz